|
|
|
|
| LEADER |
00000nam a2200000 a 4500 |
| 001 |
UCG5161 |
| 003 |
CL-VaPUC |
| 005 |
20211211074052.0 |
| 008 |
110113e20080000AG |||||||||||||||||spa|d |
| 999 |
|
|
|c 343730
|d 343728
|
| 020 |
|
|
|a 9789872416126
|
| 040 |
|
|
|c Pontificia Universidad Católica de Valparaíso
|
| 082 |
0 |
4 |
|a 192
|b HUM
|2 21
|
| 100 |
|
|
|a Hume, David
|e author
|9 858138
|
| 245 |
1 |
0 |
|a Del suicidio, el dinero y otros ensayos
|
| 250 |
|
|
|a 1a. ed
|
| 260 |
|
|
|a Buenos Aires
|b Miluno
|c 2008
|
| 300 |
|
|
|a 152 p
|
| 583 |
|
|
|a last modification
|c 20110113 00:00:00
|k Rodrigo Vera
|
| 650 |
|
0 |
|a Filosofía moral
|9 310115
|
| 650 |
|
0 |
|a Naturaleza humana
|9 308593
|
| 650 |
|
7 |
|a SUICIDIO
|2 CL-VaPUC
|9 317374
|
| 650 |
|
0 |
|a Aspectos económicos
|9 255165
|
| 650 |
|
7 |
|a FILOSOFIA POLITICA
|2 CL-VaPUC
|9 554747
|
| 650 |
|
7 |
|a POLIGAMIA
|2 CL-VaPUC
|9 394024
|
| 650 |
|
7 |
|a MATRIMONIO
|2 CL-VaPUC
|9 554748
|
| 852 |
|
|
|a BIBCUR
|
| 942 |
|
|
|c BK
|2 ddc
|
| 945 |
|
|
|d 20110113 00:00:00
|a cmena
|
| 952 |
|
|
|0 0
|1 0
|4 0
|6 192_000000000000000_HUM_2008
|7 0
|8 A
|9 441249
|a BIBEDU
|b BIBEDU
|d 2019-11-22
|i 4748069
|o 192 HUM 2008
|p 4748069
|r 2019-11-22
|w 2019-11-22
|y BK
|k FIL
|